| 000 | 00349nam a22001577a 4500 | ||
|---|---|---|---|
| 003 | MACL | ||
| 005 | 20151129142415.0 | ||
| 008 | 151129b xxu||||| |||| 00| 0 eng d | ||
| 040 | _cMACL | ||
| 041 | _aEnglish | ||
| 082 | _a823/CHA | ||
| 100 |
_aChaudhuri,Dipanjan Rai _918735 |
||
| 245 | _aA Triptych | ||
| 650 |
_aNovel _9153 |
||
| 942 |
_2ddc _cBK |
||
| 999 |
_c51388 _d51388 |
||